000 01042cam a2200253 4500
001 WB3610-19
008 000000n2000 000 0 eng u
035 _a(Sirsi) u104738
245 _aContaminated land rules
260 _c2000
490 _aENDS Report
_v(301) February 2000, 36(1)
520 _aLooks at guidance on contaminated land which is due to be published by government on 1 April this year. The guidance deals with the ways in which local authorities identify sites to be designated as contaminated, and the apportionment of liability for the investigation and remediation of contaminated sites.
590 _aWB
650 _aGOVERNMENT POLICY
650 _aCONTAMINATED LAND
650 _aSTATUTORY INSTRUMENTS
650 _aLIABILITY
650 _aTHE CONTAMINATED LAND (ENGLAND) REGULATIONS 2000
650 _aENVIRONMENT ACT 1995 (COMMENCEMENT NO 16 AND SAVING PROVISION) (ENGLAND) ORDER 2000
650 _aLOCAL AUTHORITIES
650 _aREMEDIATION
690 _aENVIRONMENT-CONTAMINATION
942 _n0
999 _c62833
_d62833